000 02214nam a2200277Ia 4500
005 20200311083553.0
008 130821s1902 xxuo fr 1 aspa
040 _aCo-BoUCM
_bspa
_cSandra Yazo
_dSandra Yazo
041 1 _aspa
082 0 4 _a920
_220
092 _aE11N019
100 1 _aWashington, Booker T.
_d1856-1915
_9100345
245 1 0 _aDe esclavo á catedrático
_bAutobiografía de Booker T. Wáshington
_cVertida del inglés al español, por Alfredo Elías y Pujol.
250 _aSegunda edición
260 _aNueva York (Estados Unidos)
_bD. Appleton y Compañía
_c1902
300 _avi, [4], 297, [14] páginas, [16] hojas lámina
_bilustraciones, fotografías
_c18 x 12 cm.
500 _aDetalles físicos: Encuadernación rígida (holandesa) en cartón forrado en papel. Lomo en cuero con nervaduras sobre costuras y adornos en dorado. Tapas con raspaduras y deterioro en bordes y esquinas, residuos de cinta pegante. Guardas. Antes de la portada con una hoja de cortesía con retrato del autor y nota de donación al verso (Francisco Cabo R.,1904). Portada impresa una sola tinta, con un grabado de la marca tipográfica del editor, sellos de tinta. Texto impreso en una sola columna, con diferentes tamaños de letra. Varias hojas con imágenes a blanco y negro y fuera del texto. Papel manchado, varias hojas empiezan a desprenderse al inicio de la obra. Cortes decorados. Título del lomo con errores
505 0 _aEsclavo entre esclavos ; Días juveniles ; La lucha por la educación ; El bien de los demás ; El período de reorganización ; Indios y negros ; Los comienzos en Tuskegee ; Escuela en un establo y en un gallinero ; Días de ansiedad ; Casi lo imposible ; Sin camas ni muebles ; Recogiendo dinero ; Mis primeros discursos ; Mi discurso en la Exposición de Atlanta ; El éxito en la oratoria ; Europa ; Conclusión
506 _aConsulta en sala
650 7 _aAfrodescendientes
_zEstados unidos
_968350
_xCondiciones sociales
650 7 _aAutobiografía
_99765
650 7 _aProfesores
_922474
_vAutobiografías
_zEstados Unidos
690 _aBiografías
_97343
700 1 _aElías y Pujol, Alfredo
_etraductor
_9100346
942 _cLIBRO
_a21
_e2
_2LOCAL
_hE11N019
999 _c73792
_d73792